000 00742nam a2200265Ia 4500
003 OSt
005 20220918221622.0
006 a|||||r|||| 00| 0
007 ta
008 220917b |||||||| |||| 00| 0 eng d
024 _a202,204
037 _cTextual
040 _aARTS
_cARTS
_beng
041 _2eng
_aeng
082 _aS:852g, M7;P1
100 _aCormier L Sherilyn
_986150
245 0 _aProfessional counselor
_b A process guide to helping
250 _a4th
260 _aBoston
_bAllyn and Bacon
_c2001
300 _axiv, 368p.
_ccm.
650 _aPSYCHOLOGY
700 _a Hackney Harold
_986151
942 _hS:852g, M7;P1
_cTEXL
_2CC
999 _c273106
_d273106